000 01078nam a2200313 i 4500
003 EG-GICUC
005 20260423210441.0
008 260423n1900 gw ||f |||| 001 0 geger d
040 _aEG-GiCUC
_cEG-GiCUC
_dEG-GiCUC
_eRda
_bger
041 0 _ager
082 0 4 _221
_a343.3043
_bJU . I
092 0 4 _221
099 _aLaw1 10 343.3043 JU . I1900 1011263 C1
100 0 _aJudex
_eAuthor.
245 1 0 _a Irrtümer Der Strafjustiz :
_bEine Kriminalistische Untersuchung Ihrer Ursachen /
_cVon Judex.
264 1 _aHamburg :
_bKriminalistik Verlag Für Kriminalistische Fachliteratur ,
_c[1900].
300 _a236 page ;
_c24 cm.
336 _2rda contenu
_a texte
337 _2rda medias
_aOrdinateur
338 _2 transporteur rda
_a Ressource en ligne
504 _aEs enthält bibliografische Angaben.
546 _aText in English
650 1 4 _aDer Strafjustiz
650 1 4 _aStrafprozessordnung
651 1 4 _aDeutschland
_xGesetze und Gesetzgebung
856 4 0 _uhttps://fll.law.cu.edu.eg/fulltext/bks/B10-11263.pdf
905 _a164
942 _2ddc
_cBK
_e21
_n0
999 _c73123
_d73123